| 000 | 00471nam a2200169Ia 4500 | ||
|---|---|---|---|
| 999 |
_c64 _d64 |
||
| 003 | OSt | ||
| 005 | 20210818124018.0 | ||
| 008 | 190216s9999||||xx |||||||||||||| ||und|| | ||
| 040 | _coclc | ||
| 082 |
_a297 _bMUH/A |
||
| 100 |
_aMohammed, T _98674 |
||
| 245 | 0 |
_aAdhunika Chindhakal / _cT Mohammed |
|
| 260 |
_bIslamic Publishing House, _c1987. _aMarikkunnu: |
||
| 300 | _a174p | ||
| 650 | _aArabic Literature | ||
| 942 |
_cBK _2ddc _h297 _iMUH/A _k297 _mMUH/A |
||